Devines le film via les emojis #2 - Statistiques

Statistiques générales
  • Ce quiz a été pris 194 fois
    188 depuis la dernière actualisation
  • Le résultat moyen est 11 sur 20
Statistiques - réponses
Emojis Film % Correct
🍳👨‍🍳🐀 Ratatouille
94%
🍫🏭👦 Charlie et la chocolaterie
91%
🚗⚡🏁 Cars
83%
🐘🎪🎈 Dumbo
83%
🧛🩸🦇 Dracula
80%
🦍🏙️✈️ King Kong
77%
🐒🚀🌍 La Planète des Singes
75%
🐙🌊🏴‍☠️ Pirates des Caraïbes
69%
👸🌹🐗 La Belle et la Bête
66%
🎭🃏🚓 Joker
63%
🧚🪄👧 Peter Pan
52%
🧼👊👨 Fight Club
50%
🦁🚪🌍 Narnia
36%
🕰️👨‍🔧🚗 Retour vers le futur
34%
🏍️☠️🔥 Ghost Rider
32%
👨‍🏺🦴 Indiana Jones
22%
🧟‍♂️🏃🔫 World War Z
22%
🧠💤🕵️‍♂️ Inception
20%
🧑‍🚀🤖🪐 2001: l'Odyssée de l'espace
8%
🦠🧬🔬 Oppenheimer ou Contagion
3%
Aucun quiz correspondant
Distribution des résultats
% des personnes avec chaque résultat
Percentile par nombre de réponses
Votre historique - résultats
Vous n’avez pas pris ce quiz depuis la dernière actualisation